<?xml version="1.0" encoding="UTF-8"?>
<marc:record xmlns:marc="http://www.loc.gov/MARC21/slim">
   <marc:leader>00000nam a2200000 a 4500</marc:leader>
   <marc:datafield ind1="0" ind2="0" tag="245">
      <marc:subfield code="a">Auf zum Einsatz! - Mein großer Schiebespaß</marc:subfield>
   </marc:datafield>
   <marc:datafield ind1=" " ind2="1" tag="264">
      <marc:subfield code="b">Panini Verlags GmbH</marc:subfield>
      <marc:subfield code="c">2023</marc:subfield>
   </marc:datafield>
   <marc:datafield ind1="1" ind2=" " tag="490">
      <marc:subfield code="a">Paw Patrol - Helfer auf vier Pfoten; Toggolino</marc:subfield>
   </marc:datafield>
   <marc:datafield ind1="1" ind2=" " tag="520">
      <marc:subfield code="a">Auf zum Rateeinsatz mit der PAW Patrol! Wer schaut hinter der Tür der Zentrale hervor? Und welcher Rettungshund versteckt sich hinter einem Berg aus Hundekuchen? Zieh die Schieber auseinander und finde heraus, welcher deiner Lieblingsfellfreunde sich dahinter verbirgt. Ein stabiles Pappbilderbuch mit leichtgängigen Schiebern für die jüngsten Fans der PAW Patrol.</marc:subfield>
   </marc:datafield>
   <marc:datafield ind1=" " ind2=" " tag="020">
      <marc:subfield code="a">9783833243684</marc:subfield>
      <marc:subfield code="9">9783833243684</marc:subfield>
   </marc:datafield>
</marc:record>
